| 000 | 01440nam a2200313 i 4500 | ||
|---|---|---|---|
| 001 | 000015031 | ||
| 003 | DO-SdBNP | ||
| 005 | 20241015154828.0 | ||
| 007 | ta | ||
| 008 | 100129s2005 dr 000 0 spa d | ||
| 020 | _a999343938X | ||
| 040 |
_aDO-SdBNP _bspa _cBNPHU _erda |
||
| 049 | _aBNPD | ||
| 082 | 4 |
_aRD860.44 _bB931l _222 |
|
| 245 | 0 | 3 |
_aEl búho y la luna : _bentrevistas a José Mármol / _ceditor, Basilio Belliard. |
| 264 |
_aSanto Domingo : _bEditora La Trinitaria, _c2005. |
||
| 300 |
_a278 páginas ; _c24 cm. |
||
| 336 |
_atexto _btxt _2rdacontent |
||
| 337 |
_asin mediación _bn _2rdamedia |
||
| 338 |
_avolumen _bnc _2rdacarrier |
||
| 500 | _aIncluye datos biográficos del entrevistado en la contracubierta. | ||
| 505 | 0 |
_aPresentación. Las palabras del pensamiento -- _tLas voces del pensamiento : crónicas lunares -- _tLa revolución poética debe ser radical / _rJosé Rafael Lantigua -- _tUn gran oficiante del verso / _r Emilia Pereyra -- _tLa realización de un sueño / _rKenny Cabrera -- _tPoeta al amanecer / _rFreddy Ginebra -- _tDiálogos en el paraíso -- _tPeriodismo y literatura -- _tLa poesía no es un reflejo del mundo / _rClodomiro Moquete y Pepa Acedo. |
|
| 590 | _aInventariado, 2024/BT | ||
| 650 | 4 |
_aLiteratura dominicana _xCrítica e interpretación _9216 |
|
| 650 | 4 |
_aEnsayos dominicanos _965 |
|
| 700 | 1 |
_aBelliard, Basilio, _eeditor _4ed. _934016 |
|
| 910 | _aBtavárez | ||
| 942 |
_2ddc _cLBS1 |
||
| 999 |
_c14604 _d14604 |
||